Statistiques concernant Les Joueurs du Psg

Cliquez ici pour prendre le quiz!

Statistiques générales

  • Ce quiz a été pris 325 fois
  • Le résultat moyen est 11 sur 25

Statistiques - réponses

PaysRéponse% Correct
BresilNeymar
91%
BelgiqueThomas Meunier
69%
ArgentineAngel Di Maria
62%
FranceKylian Mbappé
62%
BresilMarquinhos
62%
BresilThiago Silva
61%
UruguayEdinson Cavani
59%
FrancePresnel Kimpembe
57%
AllemagneJulian Draxler
56%
ItalieMarco Verratti
53%
EntraineurUnai Emery
46%
FranceAlphonse Areola
44%
AllemagneKevin Trapp
38%
ItalieThiago Motta
38%
BresilDani Alves
37%
FranceLayvin Kurzawa
37%
FranceAdrien Rabiot
36%
UsaTimothy Weah
34%
ArgentineGiovanni Lo Celso
30%
ArgentineJavier Pastore
30%
PresidentNasser Al Khelaifi
30%
FranceChristopher Nkunku
24%
EspagneYuri Berchiche
22%
FranceLassana Diarra
14%
FranceHatem Ben Arfa
12%

Distribution des résultats

Percentile par nombre de réponses

% des personnes avec chaque résultat

Votre développement - résultats

Vous n’avez pas pris ce quiz